| 000 | 00557cam a22001457a 4500 | ||
|---|---|---|---|
| 008 | 180718b1983 xxu||||| |||| 00| 0 eng d | ||
| 082 | _aT25x54 P943 | ||
| 100 | _aNational Workshop on Project Management in Public Enterprises (November, 1981: Vigyan Bhavan, New Delhi) | ||
| 245 |
_aProceedings _cby Bureau of Public Enterprises |
||
| 260 |
_aNew Delhi _bStanding Conference of Public Enterprises _c1983 |
||
| 300 | _av.p. | ||
| 650 | _aPublic sector enterperises - India | ||
| 650 | _aIndustrial project management | ||
| 700 | _aBureau of Public Enterprises | ||
| 999 |
_c491754 _d491754 |
||